Current AFL Senior Coaches Quiz Stats

 Plays Quiz not verified by Sporcle

Challenge
Share
Tweet
Embed
Score 0/18 Timer 09:00
0 Plays Today
Team Coach % Correct
Collingwood MagpiesNathan Buckley
97.2%
Geelong CatsChris Scott
97.2%
North Melbourne KangaroosBrad Scott
97.2%
Fremantle DockersRoss Lyon
94.4%
Hawthorn HawksAlastair Clarkson
91.5%
Richmond TigersDamien Hardwick
91.5%
Essendon BombersJohn Worsfold
87.3%
Greater Western Sydney GiantsLeon Cameron
85.9%
Sydney SwansJohn Longmire
85.9%
Team Coach % Correct
Western BulldogsLuke Beveridge
85.9%
Carlton BluesBrendan Bolton
84.5%
West Coast EaglesAdam Simpson
84.5%
Adelaide CrowsDon Pyke
83.1%
Melbourne DemonsSimon Goodwin
83.1%
Port Adelaide PowerKen Hinkley
83.1%
Gold Coast SunsStuart Dew
78.9%
Brisbane LionsChris Fagan
77.5%
St. Kilda SaintsAlan Richardson
73.2%

You're not logged in!

Compare scores with friends on all Sporcle quizzes.
Join for Free
OR
Log In

You Might Also Like...

Show Comments

Extras

Top Quizzes Today


Score Distribution

Your Account Isn't Verified!

In order to create a playlist on Sporcle, you need to verify the email address you used during registration. Go to your Sporcle Settings to finish the process.

Report this User

Report this user for behavior that violates our Community Guidelines.

Details: